000 00284nam a2200121Ia 4500
008 241002s9999 xx 000 0 und d
082 _a108 KHL
100 _aKhlybich, I
245 3 _aAn Cutline History of Philosophy
260 _aMoscow:
_cN/A
600 _aPhilosophy
942 _cUC
999 _c18421
_d18421